000 01467 a2200265 4500
020 _a007010204X
020 _a9780070102040
082 0 4 _a657.076
090 _c2374
_d2374
100 1 _aCashin, James A.
245 1 0 _aSchaum's outline of theory and problems of intermediate accounting i /
_cJames A. Cashin.
250 _a2 Sub ed.
260 _a[S.l.] :
_bMcgraw-Hill,
_c1989.
300 _a263 p. ;
_c28 cm.
490 1 _aSchaum's outlines) (pt. 1.
500 _aPaperback.
520 _aIf you want top grades and an excellent understanding of Intermediate Accounting I in less study time, this powerful study tool is the best tutor you can have! It takes you step-by-step through concepts, procedures, and definitionsNin plain EnglishNand gives you 585 fully worked examples. Four complete practice examinations let you check your progress every three chapters. Famous for their clarity, wealth of examplesNand lack of dreary minutiaeNSchaumOs Outlines have sold more than 30 million copies worldwide. This popular and easy-to-use study guide for Intermediate Accounting I will show you why!
700 1 _aLerner, Joel.
700 1 _aFeldman, Saul.
700 1 _aEnglard, Baruch.
830 0 _aSchaum's outlines) (pt. 1.
856 4 0 _3Amazon.com
_uhttp://www.amazon.com/exec/obidos/ASIN/007010204X/chopaconline-20
856 4 0 _3Amazon customer reviews
_uhttp://www.chopac.org/cgi-bin/tools/azrev.pl?q=007010204X
942 _aNBS
_cBK
_k657.076 SCH
999 _c344872
_d344872